000 00426nam a2200169Ia 4500
008 230711s9999||||xx |||||||||||||| ||und||
020 _a81-239-0969-1
041 _aENG
082 _a574.192
_bVA-P
100 _aVarley,Harold
245 0 _aPractical Clinical BioChemistry
250 _a4th Ed.
260 _c2005
_aNew Delhi
_bCBS Publishers & Distributors Pvt.Ltd
300 _a802p.
650 _aChemistry
942 _cBK
999 _c7272
_d7272